[Event "Benasque champions 25 ann"]
[Site "Benasque"]
[Date "2005.07.12"]
[Round "7"]
[White "Korneev, Oleg"]
[Black "Suba, Mihai"]
[Result "1-0"]
[WhiteElo "2594"]
[BlackElo "2520"]
[Annotator "Cox,J"]
[PlyCount "119"]
[EventDate "2005.07.06"]
[EventType "tourn"]
[EventRounds "9"]
[EventCountry "ESP"]
[EventCategory "11"]
[SourceTitle "CBM 108"]
[Source "ChessBase"]
[SourceDate "2005.09.26"]
[SourceVersion "1"]
[SourceVersionDate "2005.09.26"]
[SourceQuality "1"]

1. e4 Nf6 {'A limited opening' - (Suba)!} 2. e5 Nd5 3. d4 d6 4. Nf3 Nb6 {
A quaint retreat which Deviatkin has also been playing recently. Black can
claim that he is preventing Bc4 and meanwhile preparing ...Nc6 without
allowing the dangerous 4...Nc6 5 c4 Nb6 6 e6!?. And of course whenever you
don't develop your pieces you can claim that you are enabling yourself to
reply flexibly to the opponent's plans, but still it's hard for even the most
diehard Alekhine fan to believe that moving the knight unprovoked for a third
time really isn't too much of a good thing.} 5. Bb5+ {A move designed to
prevent ...Nc6.} c6 6. Bd3 dxe5 7. Nxe5 Be6 8. c3 N8d7 9. Nf3 Bg4 10. O-O e6
11. a4 Be7 12. Nbd2 Bh5 ({Trading a pair of knights instead of the bishops with
} 12... Ne5 {was an alternative, for example} 13. Be4 Nxf3+ 14. Nxf3 Nd7 15. h3
Bh5 16. Re1 Nf6 17. Bd3 O-O {with a similar slight advantage to White}) 13. Re1
Bg6 14. Bxg6 hxg6 $14 15. a5 Nd5 16. Ne4 b5 17. Qe2 Qc7 18. g3 $1 {A classy
move.} (18. b3 {at once is well met with} Rb8 {when} 19. g3 {is too late in
view of} N7f6 {, when Black is in time to remove the e4 knight and so meet Bf4
with ....Bd6.}) 18... O-O {Maybe it was a good idea to play either 18...N7f6
or 18...Rb8 now so as to meet 19 b3 in the way described in the last note.} 19.
b3 Rfe8 20. c4 Bb4 21. Bd2 Bxd2 22. Qxd2 bxc4 23. bxc4 N5f6 24. Nxf6+ Nxf6 25.
a6 Rab8 26. Reb1 Rxb1+ (26... c5 {was the alternative, but White retains
excellent winning chances with the splendid} 27. Qf4 $1 {(reminiscent of a
Smyslov's famous Qh4 move against Reshevsky at The Hague match tournament,
1948, accepting doubled isolated pawns to trade Black's only active unit); the
a-pawn will surely do the business for White after something like} Qxf4 28.
gxf4 Rxb1+ 29. Rxb1 cxd4 30. Nxd4 Rc8 31. Rb7 Rxc4 32. Nb5 Nd5 33. Rxa7 Nxf4
34. h4) 27. Rxb1 Rb8 28. Rb4 Nd7 29. Qb2 Rxb4 30. Qxb4 {The simplification has
favoured White since Black was not able to contest the b-file and has had to
accept this ending in which the dominant position of White's queen gives him
an advantage.} Nb8 (30... Qb6 31. Qe7 Nf8 32. Ng5 Qb1+ 33. Kg2 Qf5 34. h4 {
is decisive since a7 cannot be defended.}) 31. Qb7 $1 {A bold and correct
decision. It looks as though Black ought to be able to collect the advanced
b-pawn with a king march, but White is able to ensure that this doesn't happen.
} Qxb7 32. axb7 a5 {This rush with the a-pawn to tie White's knight down fails
by a tempo, but otherwise Black's kingside pawn weaknesses come back to haunt
him and the active knight can prevent the Black king approaching the b-pawn,
for example} (32... Kf8 33. Kf1 Ke7 34. Ke2 Kd6 35. Ne5 f6 36. Nxg6 Kc7 37. Nf4
e5 38. dxe5 fxe5 39. Ne6+ Kxb7 40. Nxg7 $18) 33. Kf1 a4 34. Ke2 a3 35. Nd2 a2
36. Nb3 Kf8 37. Kd2 Ke7 38. Kc3 Kd6 39. Kb2 Kc7 40. Nc5 $18 {Just in time!} Kb6
41. f4 Ka5 42. Nd3 f6 (42... Kb6 43. Ne5 $18 {, but the text creates new
weaknesses too.}) 43. Kxa2 Kb6 44. Ka3 g5 45. fxg5 fxg5 46. g4 c5 (46... Kxb7
47. Nc5+ {, of course, but the text is hopeless too.}) 47. Nxc5 e5 48. Na4+
Kxb7 49. dxe5 Nc6 50. Nc5+ Kc7 51. Nd3 Nd4 52. Kb4 Nf3 53. h3 Kc6 54. c5 Nd4
55. Kc4 Ne6 56. Nb4+ Kc7 57. c6 g6 58. Kb5 Nd4+ 59. Kc5 Ne6+ 60. Kc4 1-0

[Event "EU-chT (Men) 15th"]
[Site "Gothenburg"]
[Date "2005.08.04"]
[Round "6.2"]
[White "Ong, Kezli"]
[Black "Speelman, Jonathan S"]
[Result "1/2-1/2"]
[WhiteElo "2371"]
[BlackElo "2549"]
[Annotator "Cox,J"]
[PlyCount "46"]
[EventDate "2005.07.30"]
[EventType "team-swiss"]
[EventRounds "9"]
[EventCountry "SWE"]
[SourceTitle "CBM 109"]
[Source "ChessBase"]
[SourceDate "2005.11.14"]
[SourceVersion "1"]
[SourceVersionDate "2005.11.14"]
[SourceQuality "1"]
[WhiteTeam "Sweden III"]
[BlackTeam "England"]
[WhiteTeamCountry "SWE"]
[BlackTeamCountry "ENG"]

1. e4 Nf6 2. e5 Nd5 3. d4 d6 4. Nf3 dxe5 5. Nxe5 g6 6. Bc4 c6 7. O-O Bg7 8. Re1
O-O 9. Bb3 Nd7 (9... Be6 {is the main move and was played many times by Edvins
Kengis, the great hero of this variation for Black, for example} 10. Nd2 Nd7
11. Nef3 Nc7 12. c3 c5 13. Bxe6 Nxe6 14. d5 Nc7 15. Ne4 Nf6 16. c4 Nxe4 17.
Rxe4 e6 $11 {Christiansen-Kengis, Manila 1992.}) 10. Nf3 b6 $146 {A move
typical of Jon Speelman's creative and non-committal style. Many other moves
have been played here, the commonest being} (10... N7f6 {, after which} 11. c4
Nc7 12. h3 c5 13. Nc3 cxd4 14. Nxd4 Ne6 15. Be3 Nxd4 16. Qxd4 Be6 17. Qh4 Qa5
18. c5 Bxb3 19. axb3 Qc7 20. b4 a6 21. Bf4 Qc6 22. Rxe7 Nd5 23. Nxd5 Qxd5 24.
Qg4 Rae8 25. Qd7 Qxd7 26. Rxd7 Bxb2 27. Rad1 Re4 28. Bd6 Rc8 29. Rxb7 Bc3 30.
Rb1 Rc4 31. Rc1 Rxb4 32. c6 Rd4 33. c7 {1-0, was an awesome display by the
world champion in Kasparov-Adams, Linares 1997.}) 11. Bg5 (11. Qe2 {was an
alternative with the idea to block the typical ...Nc7-e6 manoeuvre, but ...
Ne7-f5 will do too, for example} e6 12. c4 Ne7 13. Nc3 Nf5 14. Rd1 Bb7 {
, when White retains the slightly greater freedom of movement, and Black the
solid position, which are typical in this line.}) 11... N7f6 12. Qd2 {White
wants to control f4 by preventing ...h6, and also prepare to meet the usual ...
Nc7-e6 by having Bh6 ready. Instead} (12. h3 {is a typical move to stop ...Bg4,
as in the Kasparov game, but} h6 13. Bh4 Bb7 14. c4 Nf4 {is annoying.}) (12.
Ne5 Bb7 13. Qf3 {is another thematic way to deploy White's forces.}) 12... Bb7
13. c4 Nc7 14. Nc3 b5 $5 (14... Ne6 15. Bh6 Bxh6 16. Qxh6 Nxd4 17. Nxd4 Qxd4
18. Rxe7 {, exchanging Black's best pawn for White's worst one, was an
alternative but leaves White with a clear slight initiative (although the b3
bishop is not playing).}) 15. c5 {The first crucial decision.} (15. Bxf6 exf6
16. Ne4 Bc8 {is not as good for White as it looks.}) (15. Qe3 Re8 16. Rad1 {and
}) (15. Ne5 {are other logical alternatives.}) 15... a5 16. a4 b4 17. Ne4 Nfd5
18. Nd6 {White must have been relying on this move, but after Black's reply
White needs to come up with a convincing continuation.} Bc8 19. Nc4 ({The
computer is screaming for} 19. Ne5 {to be played, but after} Bxe5 20. dxe5 Be6
{Black continues with ...Qd7 and ...Bf5, then a rook to d8 and his other
knight to e6, and it's not so clear at all that White has more than a slight
edge if that.}) 19... Be6 20. Bh6 f6 {A characteristic manoeuvre in such
positions; see for example van der Wiel-Bagirov, Erevan 1996.} 21. Bxg7 Kxg7
22. h3 Bf7 23. Re2 Ra7 $14 1/2-1/2

[Event "Nancy"]
[Site "Nancy"]
[Date "2005.02.20"]
[Round "9"]
[White "Nezar, Mustapha"]
[Black "Bauer, Christian"]
[Result "0-1"]
[WhiteElo "2375"]
[BlackElo "2636"]
[Annotator "Cox,J"]
[PlyCount "54"]
[EventDate "2005.02.14"]
[EventType "tourn"]
[EventRounds "9"]
[EventCountry "FRA"]
[EventCategory "10"]
[SourceTitle "CBM 106"]
[Source "ChessBase"]
[SourceDate "2005.06.06"]
[SourceVersion "1"]
[SourceVersionDate "2005.06.06"]
[SourceQuality "1"]

1. e4 Nf6 2. e5 Nd5 3. d4 d6 4. c4 Nb6 5. exd6 cxd6 6. Nc3 g6 7. Be3 Bg7 8. Rc1
O-O {It is interesting that Bauer is not afraid of the Voronezh (9 b3), which
has such a big reputation and has driven so many Alekhine players back to 5...
exd6.} 9. h3 {But Nezar has a different idea.} Nc6 10. Nf3 d5 ({The
alternative, usually considered better, is} 10... e5 {when the critical
continuation may be} 11. dxe5 dxe5 (11... Nxe5 12. Nxe5 Bxe5 13. Be2 Be6 14. b3
d5 15. cxd5 Bxc3+ 16. Rxc3 Nxd5 17. Rd3 Nxe3 {seemed to equalise easily in
Serper-Yermolinsky, Tilburg 1994}) 12. c5 Nd7 13. Bc4 Qa5 {(This position can
also arise in the Voronezh with b3 in instead of h3, the difference is that
Black is not threatening ...e4 as the c3 knight is not hanging, so White has
time for)} 14. a3 e4 15. Nd2 Nxc5 16. b4 Qxa3 17. Bxc5 Bxc3 18. Bxf8 Kxf8 19.
b5 {with compensation as in Zagrebelny-Remizov, St Petersburg 1994}) 11. c5 Nc4
12. Bxc4 dxc4 13. O-O Bf5 {This position has been known for a long time, both
with the rook on c1 and with it on a1 (White's Rc1 instead of Be2 was
specifically designed to gain this tempo).} 14. Qa4 (14. b3 Bd3 15. Re1 Nxd4
16. Nxd4 Bxd4 17. bxc4 Bxe3 18. Rxe3 Bxc4 19. Qxd8 Rfxd8 20. Rxe7 {
(Gipslis-Ciocaltea, Bucharest 1968) is sometimes said to be good for White,
but in his 2001 book on the opening English GM Nigel Davies gave 20...} b5 {
as equal.}) 14... Bd3 {An interesting choice: this is supposed to be bad.} ({
Instead} 14... e5 15. Rfd1 exd4 16. Nxd4 (16. Qxc4 $6 Be6 $1 17. Qa4 Bd7 $1 $17
{is Black's key trick; this has been known for a while but actually occurred
in Cernousek-Sergeev, Prague 2000.}) 16... Nxd4 17. Bxd4 Bxd4 18. Qxc4 Bxf2+
19. Kxf2 Qg5 {with roughly equal chances is usually recommended.}) 15. Rfd1 e5
16. dxe5 (16. d5 Nd4 17. Ne1 {is the theoretical 'refutation' of Black's play,
from here the only game in the database is Kveinys-Computer, Katowice blitz
1993, in which wetware prevailed after} b5 18. cxb6 axb6 19. Qb4 Qh4 20. Nxd3
cxd3 21. Bxd4 (21. Kh1 {is better}) 21... Qxd4 {although Black has equalised
here.}) 16... Nxe5 17. Ne1 Re8 (17... Qe8 18. Qxe8 Rfxe8 19. Nb5 Re7 {turned
out well for White after both} 20. Rd2 {(Zagrebelny-Tu Hoang Thong, 1994), and
20 b3 (Saltaev-Ivanov, Ashkabad 1996)}) 18. b3 Qb8 {A strange move at first
sight, but Black needs to unpin the d3 bishop to meet bxc4 with ...Bxc4} 19.
Nxd3 $2 {A feeble move; instead} (19. Bf4 Nf3+ 20. Nxf3 Qxf4 21. Nd5 Qb8 {
is reasonable for Black, but I'm not so sure about}) (19. Nb5 {. 19...} a6 20.
Nd6 b5 21. Qa5 {is possible but doesn't seem to solve Black's problems, and
otherwise I can't think what 19th move Black was intending to play.}) 19...
Nxd3 20. Rb1 Rxe3 $1 {Decisive.} 21. fxe3 Qe5 22. Rxd3 {Otherwise White is
mated on the dark squares around the king, but the text is no better.} cxd3 23.
Ne4 Re8 24. Nd6 Qxe3+ 25. Kh1 Qe1+ 26. Rxe1 Rxe1+ 27. Kh2 d2 0-1

[Event "GER-ch 76th"]
[Site "Altenkirchen"]
[Date "2005.02.18"]
[Round "1"]
[White "Ljubarskij, Jurij"]
[Black "Luther, Thomas"]
[Result "0-1"]
[WhiteElo "2348"]
[BlackElo "2543"]
[Annotator "Cox,J"]
[PlyCount "86"]
[EventDate "2005.02.18"]
[EventType "swiss"]
[EventRounds "9"]
[EventCountry "GER"]
[SourceTitle "CBM 106"]
[Source "ChessBase"]
[SourceDate "2005.06.06"]
[SourceVersion "1"]
[SourceVersionDate "2005.06.06"]
[SourceQuality "1"]

1. e4 Nf6 2. e5 Nd5 3. d4 d6 4. Nf3 dxe5 5. Nxe5 c6 6. Bc4 Nd7 7. O-O (7. Nf3
N7b6 8. Bb3 Bg4 9. Nbd2 e6 10. O-O Be7 11. h3 Bh5 12. c3 O-O 13. Ne4 Bg6 14.
Qe2 Nd7 15. Re1 a5 16. a4 Re8 {(van der Weide-Miles, St Vincent 2000) is fine
for Black and indeed illustrates the point of his system rather well, with the
gain of time by forcing Nf3-e5-f3 and the consequent ability to develop the
light-squared bishop comfortably.}) (7. Nxd7 Bxd7 8. O-O Bf5 {equalised in
several games by the late Tony Miles, although White never seemed to play 9
Bg5 against him, which keeps the fight for an edge alive.}) 7... Nxe5 8. dxe5 {
This position can also be reached after 5...Nd7 6 Bc4 Nxe5 7 dxe5 c6 8 00,
although usually it isn't since 8 Qf3 is reckoned White's only critical try in
this line.} Bf5 {Natural and thematic, although} (8... Be6 {is possible, when}
9. Nd2 Nc7 10. Bd3 g6 11. Nf3 Bg7 12. Re1 O-O 13. Ng5 Bc8 14. Qf3 Ne6 15. Qg3
Nxg5 16. Bxg5 Be6 17. Rad1 {was a little better for White in Cuartas-Soppe,
Calvia 2004.}) 9. Nd2 e6 10. Nf3 $6 {White had to prevent Nb4.} (10. a3 {
led to a spectacular draw in Yermolinsky-Shabalov, New York 1991, after} Be7
11. Ba2 O-O 12. Nb3 Qc7 13. Qe2 Rad8 14. Bb1 Qb6 15. Qf3 f6 16. exf6 Bxf6 17.
Qe2 Bh4 18. Bd2 Bxf2+ 19. Qxf2 Bd3 20. Ba5 Qe3 21. Bd2 Qb6 {White's play in
this game was extraordinary, which is not to say it was bad at all, just that
I find it difficult to understand.}) 10... Nb4 $15 11. Qxd8+ Rxd8 12. c3 Bd3
13. Bxd3 Nxd3 14. Be3 Bc5 15. Bxc5 Nxc5 {Black's advantage is modest if it
exists at all, but they do say that endgames with rooks and knights favour the
stronger player more than any other kind, and the grandmaster grinds it out
convincingly.} 16. Rfe1 Ke7 17. Re2 Rd5 18. g3 Nd3 19. c4 Rd7 20. Ne1 g5 {
A classy move, isolating the e5 weakness.} 21. b3 Nc5 22. f3 Rhd8 23. Kf2 a5
24. h3 h5 25. Rc1 Rd4 26. Rcc2 Rd1 27. Ke3 Ra1 28. Rc3 Rdd1 29. Kf2 Rab1 30. f4
g4 31. hxg4 hxg4 32. Rce3 Kf8 33. Rc3 Kg7 34. Ree3 $2 {White cannot bear the
sight of Black gradually improving his position and blunders instead of
continuing to grovel, but by now there wasn't much doubt about the result.}
Rd2+ 35. Kf1 Rxa2 36. Re2 Rxe2 37. Kxe2 Nxb3 38. Nc2 a4 39. Kd3 Rd1+ 40. Ke3
Rc1 41. Kd3 Rg1 42. Ke4 Nd2+ 43. Kd3 {A humorous final touch; it would be nice
to think that White deliberately allowed his rook to be checkmated.} Nb1 0-1

[Event "RUS-chT 12th"]
[Site "Sochi"]
[Date "2005.04.26"]
[Round "8"]
[White "Yemelin, Vasily"]
[Black "Meister, Jakob"]
[Result "1/2-1/2"]
[WhiteElo "2540"]
[BlackElo "2504"]
[Annotator "Cox,J"]
[PlyCount "50"]
[EventDate "2005.04.19"]
[EventType "team-tourn"]
[EventRounds "11"]
[EventCountry "RUS"]
[SourceTitle "EXT 2020"]
[Source "ChessBase"]
[SourceDate "2019.10.17"]
[SourceVersion "1"]
[SourceVersionDate "2019.10.17"]
[SourceQuality "1"]
[WhiteTeam "Saransk TPS"]
[BlackTeam "Togliatti Lada"]
[WhiteTeamCountry "RUS"]
[BlackTeamCountry "RUS"]

1. e4 Nf6 2. e5 Nd5 3. d4 d6 4. Nf3 dxe5 5. Nxe5 c6 {The most fashionable way
to handle the Classical Alekhine: first popularised by Miles and now much
played in Germany, with a slightly different idea to Miles.} 6. c4 Nf6 {
A remarkable turn of events. White's sixth is supposed to be a mistake and to
be easily met by} (6... Nb4 {now, as for example in Adams-Burkart, ECC 1996,
which went} 7. Be3 Bf5 8. Na3 Nd7 9. Nxd7 Qxd7 10. Be2 g6 11. d5 Bg7 12. Bd4
Nc2+ 13. Nxc2 Bxc2 14. Qd2 Bxd4 15. Qxd4 O-O 16. O-O cxd5 17. cxd5 {with
equality: this has been thought very hard to improve upon for White, but one
imagines Yemelin, usually very well-prepared, must have had something in mind,
unless Black's opening caught him completely by surprise.}) 7. Nc3 Nbd7 (7...
Bf5 {would normally be what Black wants to do before playing ...Nbd7, but in
this exact position} 8. Qb3 {is a bit annoying.}) 8. Nf3 (8. Nxd7 Bxd7 9. Be3
Bf5 10. g4 Bc8 11. Be2 e6 12. Qc2 b5 $13 {was Short-Miles, Ohrid 2001. The
text follows the conventional wisdom in this line of avoiding the exchange of
a pair of knights in the hope of exploiting Black's slight cramp.}) 8... Nb6 (
8... g6 9. Be2 Bg7 10. O-O O-O 11. Be3 {was Apicella-Miles, Linares 1995, in
which White was a shade better. The text aims at ...Bf5, which is the modern
way to play this variation.}) 9. h3 (9. Bd3 Bg4 10. Be3 e6 {is another
reasonable try: as usual in this line Black benefits from not having to give
up the g4 bishop for the f3 knight unless he is ready (unlike the lines with ..
..g6).}) 9... Bf5 10. Be3 e6 {White ought to have a way to maintain a little
edge here, since in comparison with normal lines he has both got in c4 without
needing to worry about ...Nb4, and also made Black play the move ...Nb6 in
order to develop his queen's bishop, neither of which he can manage after, for
example, 6 Be2 Bf5.} 11. Qb3 Qc7 12. g4 (12. Nh4 Bg6 13. Nxg6 hxg6 {was a less
aggressive way to take the bishop pair, but Black is very solid after that.})
12... Bg6 13. Ne5 Nbd7 {Black must lose further time challenging the knight;
for example} (13... O-O-O 14. Bf4 {is very strong in view of} Qe7 (14... Rxd4
15. Nxg6 Rxf4 16. Nxh8) (14... Be4 15. Rg1) 15. c5 Nbd5 16. Nxc6 bxc6 17. Ba6+
Kd7 18. Bd6) 14. Nxg6 hxg6 15. Bg2 Bd6 16. d5 exd5 17. cxd5 O-O (17... Bc5 18.
dxc6 bxc6 19. Bxc5 Nxc5 20. Qc4 Qe7+ 21. Kf1 Rc8 22. Re1 Ne6 23. Nd5 $16) 18.
O-O Bf4 19. dxc6 bxc6 20. Bxf4 Qxf4 21. Qa4 (21. Bxc6 Rab8 22. Qa4 {was well
worth considering, for example} Rb4 23. Qxa7 Ne5 24. Bg2 Rxb2 25. Qe3 Qxe3 26.
fxe3 $16) 21... Qxa4 22. Nxa4 Rac8 23. Rac1 Nd5 24. Rfe1 {I don't really
understand the end of this game.} (24. Rfd1 N7b6 (24... N7f6 25. g5 Nh5 26.
Bxd5 cxd5 27. Rxc8 Rxc8 28. Rxd5 Nf4 29. Ra5 {seems to be worth a try for
White too.}) 25. Nxb6 axb6 26. Bxd5 cxd5 27. Rxc8 Rxc8 28. Rxd5 {looks like a
winning rook ending to me, and I'm not sure what other move Black is going to
play at move 24.}) 24... N7b6 25. Nxb6 axb6 1/2-1/2